000
00295nam a22001337a 4500
008
181031b xxu||||| |||| 00| 0 eng d
020
_a
9780072845112
041
_a
eng
080
_a
316
100
_a
50
101
_a
SOC
245
_a
Taking Sides. Moral Issues
_c
Satris, S
942
_2
udc
_c
BK
999
_c
51330
_d
51330